000 00310nam a2200133Ia 4500
005 20260328104320.0
008 260328s9999||||xx |||||||||||||| ||und||
100 _aMartin, John Rupert
245 0 _aBarroco /
_cJohn Rupert Martin
260 _bXarait
300 _a274 p.
650 _aHISTORIA
942 _cBK
999 _c11327
_d11327